<?xml version="1.0" encoding="UTF-8"?>
<record
    xmlns:xsi="http://www.w3.org/2001/XMLSchema-instance"
    xsi:schemaLocation="http://www.loc.gov/MARC21/slim http://www.loc.gov/standards/marcxml/schema/MARC21slim.xsd"
    xmlns="http://www.loc.gov/MARC21/slim">

  <leader>00674nam a2200121Ia 4500</leader>
  <controlfield tag="008">180815s9999    xx            000 0 und d</controlfield>
  <datafield tag="020" ind1=" " ind2=" ">
    <subfield code="a">9719222166</subfield>
  </datafield>
  <datafield tag="100" ind1=" " ind2=" ">
    <subfield code="a">Santos, Rhoderick R.</subfield>
  </datafield>
  <datafield tag="245" ind1=" " ind2=" ">
    <subfield code="c">Rhoderick R. Santos, Jose P. Aquino, Rolando A. Avante, Santos Jose O. Dacanay III, Rene B. Hapitan, Leila Y. Calderon-Kabigting, Joseph James F. Lago, Rommel Ronald M. Macapagal, Fulgencio A. Mossesgeld, Gregorio S. Navarro, Benito L. Teehankee.--</subfield>
    <subfield code="a">Essentials of investments in the Philippine capital market /</subfield>
  </datafield>
  <datafield tag="260" ind1=" " ind2=" ">
    <subfield code="a">Philippines :</subfield>
    <subfield code="b">Southville International School and Colleges Systems Publication</subfield>
    <subfield code="c">2004</subfield>
  </datafield>
  <datafield tag="300" ind1=" " ind2=" ">
    <subfield code="a">611 pages.</subfield>
  </datafield>
  <datafield tag="650" ind1=" " ind2=" ">
    <subfield code="a">Investments -- Philippines.</subfield>
  </datafield>
  <datafield tag="999" ind1=" " ind2=" ">
    <subfield code="c">358335</subfield>
    <subfield code="d">358335</subfield>
  </datafield>
  <datafield tag="952" ind1=" " ind2=" ">
    <subfield code="0">0</subfield>
    <subfield code="1">0</subfield>
    <subfield code="2">lcc</subfield>
    <subfield code="4">0</subfield>
    <subfield code="a">A</subfield>
    <subfield code="b">A</subfield>
    <subfield code="c">NULL</subfield>
    <subfield code="d">2018-08-15</subfield>
    <subfield code="e">DONATION</subfield>
    <subfield code="l">0</subfield>
    <subfield code="o">HG 4521 .S22 2004</subfield>
    <subfield code="p">C21592</subfield>
    <subfield code="r">2018-08-15 00:00:00</subfield>
    <subfield code="w">2018-08-15</subfield>
    <subfield code="y">BK</subfield>
  </datafield>
</record>
